Statistics for Countries with the most Troops

Click here to take the quiz!

General Stats

  • This quiz has been taken 3 times
  • The average score is 16 of 20

Answer Stats

PersonnelAnswer% Correct
2,101,500Brazil
100%
4,015,000China
100%
1,314,500Egypt
100%
5,137,500India
100%
1,075,500Indonesia
100%
1,000,000Iran
100%
642,500Israel
100%
7,769,000North Korea
100%
1,501,000Pakistan
100%
3,874,000Russia
100%
6,712,500South Korea
100%
2,072,950United States
100%
516,050Colombia
67%
1,234,500Cuba
67%
1,831,800Taiwan
67%
699,550Thailand
67%
1,211,000Ukraine
67%
5,522,000Vietnam
67%
513,000Myanmar
33%
890,700Türkiye
0%

Score Distribution

Percentile by Number Answered

Percent of People with Each Score

Your Score History

You have not taken this quiz